If I Could Drive An Ambulance (Record no. 262397)
[ view plain ]
| 000 -LEADER | |
|---|---|
| fixed length control field | 00227nam a22000977a 4500 |
| 020 ## - INTERNATIONAL STANDARD BOOK NUMBER | |
| ISBN | 0439434335 |
| 100 ## - MAIN ENTRY--AUTHOR NAME | |
| Personal name | Michael Teitelbaum |
| 245 ## - TITLE STATEMENT | |
| Title | If I Could Drive An Ambulance |
| 260 ## - PUBLICATION, DISTRIBUTION, ETC. (IMPRINT) | |
| Place of publication | New York |
| Name of publisher | Scholastic |
| Year of publication | 2003 |
| 942 ## - ADDED ENTRY ELEMENTS (KOHA) | |
| Koha item type | Long Loan Books |
| Withdrawn status | Lost status | Collection code | Home library | Current library | Shelving location | Date acquired | Accession Number | Koha item type |
|---|---|---|---|---|---|---|---|---|
| Fiction | Rongo University Library | Rongo University Library | Children's Area | 16/01/2024 | CL20222179 | Long Loan Books |
